000 01428cam a2200265 i 4500
001 000013254
005 20200929163157.0
008 780309s1975 cr b f000 0 spa
010 _a78339507
040 _aDO-SdBNP
_cDLC
_dDLC
043 _anc-----
050 0 0 _aHG5172
_b.I5 1975
245 0 3 _aLa Inversion extranjera en Centroamerica /
_c[Susana Bodenheimer ... et al.] ; seleccion, prologo y notas de Rafael Menjivar.
250 _a2. ed.
260 _aCiudad Universitaria Rodrigo Facio, Costa Rica :
_bEditorial Universitaria Centroamericana,
_c1975.
300 _a362 p. :
_b17 cm.
490 0 _aColeccion Integracion
504 _aIncludes bibliographical references.
505 0 _aBodenheimer, S. Jonas. El Mercomun y la ayuda norteamericana.--Bauer Paiz, A. El proceso de integracion economica centroamericana y el papel del capital norteamericano.--Tobis, D. La falacia de las inversiones norteamericanas en Centroamerica.--Torres-Rivas, E. Poder nacional y sociedad dependiente.--Gorostiaga, X. La inversion extranjera en Panama y su impacto en la estructura economica del pais.--Quintana Diaz, V. La inversion extranjera de algunas corporaciones transnacionales.
650 0 _aInvestments, foreign
_zCentral America.
_930445
610 2 0 _aMercado Comun Centroamericano.
_930446
700 1 _aJonas, Susanne,
_d1941-
_930447
700 1 _aMenjivar, Rafael.
_930448
910 _aCatalogación por copia / LC
999 _c12885
_d12885